000 00594nam a2200229Ia 4500
003 OSt
005 20220928115122.0
006 a|||||r|||| 00| 0
007 ta
008 220927b |||||||| |||| 00| 0 eng d
024 _a57315
037 _cTextual
040 _aSDCL
_cSDCL
_beng
041 _2eng
_aeng
082 _aR625x3,3, N5
100 _aUdayanacarya
245 0 _aAtmatattvaviveka .
260 _aShimla
_bIndian Institute of Advanced Study
_c1995
300 _ax,587p.
_ccm.
942 _hR625x3,3, N5
_cTEXL
_2CC
999 _c758273
_d758273